[Event "Mittelrhein Verbandsliga Nord 1920"]
[Site "Mittelrhein"]
[Date "2020.01.19"]
[Round "5.1"]
[White "Wieferig, Wolfgang"]
[Black "Schalow, Daniel"]
[Result "0-1"]
[WhiteElo "2189"]
[BlackElo "1994"]
[PlyCount "102"]
[EventDate "2019.09.29"]
[EventType "team-tourn"]
[EventRounds "9"]
[EventCountry "GER"]
[SourceTitle "EXT 2023"]
[Source "ChessBase"]
[SourceDate "2022.10.05"]
[SourceVersion "1"]
[SourceVersionDate "2022.10.05"]
[SourceQuality "1"]
[WhiteTeam "Eikamp Freibauer"]
[BlackTeam "Monheim/Baumberg"]
[WhiteTeamCountry "GER"]
[BlackTeamCountry "GER"]

1. d4 d5 2. Nf3 c6 3. g3 g6 4. Bg2 Bg7 5. 0-0 Nf6 6. c4 0-0 7. b3 dxc4 8. bxc4 Nbd7 9. Nbd2 e5 10. dxe5 Ng4 11. Bb2 Ngxe5 12. Qb3 Re8 13. Rfd1 Qb6 14. Rab1 Ng4 15. e3 Qxb3 16. axb3 Nde5 17. h3 Nxf2 18. Bxe5 Nxd1 19. Bxg7 Kxg7 20. Rxd1 Rxe3 21. Kf2 Rd3 22. Re1 Be6 23. Re3 Rxe3 24. Kxe3 f6 25. Nd4 Re8 26. Kd3 f5 27. c5 Kf6 28. b4 a6 29. Bf3 Rd8 30. Ke3 Ba2 31. Be2 Bd5 32. h4 h6 33. Bd3 Re8+ 34. Kf2 Ke5 35. Ne2 g5 36. hxg5 hxg5 37. Ke3 Rh8 38. Bc4 Rh3 39. Bxd5 Kxd5 40. Nc3+ Ke6 41. Ne2 f4+ 42. Kf3 fxg3 43. Ne4 g2+ 44. Kxg2 Re3 45. Nxg5+ Kf5 46. Kf2 Rxe2+ 47. Kxe2 Kxg5 48. Ke3 Kf5 49. Kf3 Ke5 50. Ke3 Kd5 51. Kd3 a5 0-1

[Event "Mittelrhein Verbandsliga-N 18/19"]
[Site "Nordrheinwestfalen"]
[Date "2019.03.10"]
[Round "8.1"]
[White "Kersten, Alexander"]
[Black "Schalow, Daniel"]
[Result "1-0"]
[WhiteElo "1951"]
[BlackElo "1985"]
[PlyCount "73"]
[EventDate "2018.09.02"]
[EventType "team-tourn"]
[EventRounds "12"]
[EventCountry "GER"]
[SourceTitle "EXT 2022"]
[Source "ChessBase"]
[SourceDate "2021.10.06"]
[SourceVersion "1"]
[SourceVersionDate "2021.10.06"]
[SourceQuality "1"]
[WhiteTeam "Rheinpark BSG"]
[BlackTeam "Baumberg"]
[WhiteTeamCountry "GER"]
[BlackTeamCountry "GER"]

1. g3 d5 2. Bg2 Nf6 3. f4 g6 4. Nf3 Bg7 5. 0-0 c6 6. e3 0-0 7. d3 Nbd7 8. Nc3 b5 9. Qe1 Qc7 10. e4 b4 11. Nd1 dxe4 12. dxe4 Ba6 13. e5 Bxf1 14. Kxf1 Nd5 15. e6 N7b6 16. exf7+ Rxf7 17. Ng5 Rf6 18. Ne6 Qd6 19. Bh3 h6 20. Nf2 Bh8 21. Nd3 Rf7 22. Qe4 Rf6 23. Bd2 a5 24. Re1 Nd7 25. Kg1 Kh7 26. Bg2 Rf7 27. h4 Rc8 28. Bc1 N5f6 29. Qe2 Kg8 30. Bh3 Nh5 31. Kh2 Bf6 32. Qe4 Kh7 33. Bg4 Ng7 34. h5 Kg8 35. Qxg6 Nf8 36. Nxf8 Rcxf8 37. Bf5 1-0

[Event "Mittelrhein Verbandsliga-N 18/19"]
[Site "Nordrheinwestfalen"]
[Date "2018.10.28"]
[Round "3.1"]
[White "Gallasch, Jonas"]
[Black "Schalow, Daniel"]
[Result "1-0"]
[WhiteElo "2065"]
[BlackElo "2025"]
[PlyCount "97"]
[EventDate "2018.09.02"]
[EventType "team-tourn"]
[EventRounds "12"]
[EventCountry "GER"]
[SourceTitle "EXT 2022"]
[Source "ChessBase"]
[SourceDate "2021.10.06"]
[SourceVersion "1"]
[SourceVersionDate "2021.10.06"]
[SourceQuality "1"]
[WhiteTeam "Porz SG III"]
[BlackTeam "Baumberg"]
[WhiteTeamCountry "GER"]
[BlackTeamCountry "GER"]

1. Nf3 Nf6 2. c4 c5 3. Nc3 g6 4. d4 cxd4 5. Nxd4 Bg7 6. e4 d6 7. Be2 0-0 8. Be3 Nc6 9. Nc2 b6 10. f3 a5 11. Qd2 Nd7 12. Bh6 Nc5 13. h4 Bxh6 14. Qxh6 f6 15. Qd2 Be6 16. Nd5 Bf7 17. Rd1 Ra7 18. Nce3 Ne5 19. Nc3 Rd7 20. f4 Nc6 21. h5 Kg7 22. Bf3 e5 23. Bg4 f5 24. hxg6 fxg4 25. Nf5+ Kg8 26. gxf7+ Kh8 27. fxe5 Rfxf7 28. exd6 Qf6 29. 0-0 Qe5 30. Qd5 Qxd5 31. Rxd5 Nb4 32. Rd2 Nc6 33. Re2 Ne5 34. Nd5 Rb7 35. b3 h5 36. Ng3 h4 37. Rxf7 Rxf7 38. Nf5 h3 39. gxh3 gxh3 40. Nxb6 Ncd3 41. d7 Rf8 42. Ne7 Kh7 43. Ned5 Nf3+ 44. Kh1 Kh6 45. Nf6 Nde5 46. Rf2 Rh8 47. c5 Nd4 48. Rd2 Nec6 49. Ne8 1-0

[Event "Mittelrhein Verbandsliga-N 18/19"]
[Site "Nordrheinwestfalen"]
[Date "2018.09.30"]
[Round "2.1"]
[White "Schalow, Daniel"]
[Black "Keller, Karsten"]
[Result "0-1"]
[WhiteElo "2025"]
[BlackElo "2093"]
[PlyCount "62"]
[EventDate "2018.09.02"]
[EventType "team-tourn"]
[EventRounds "12"]
[EventCountry "GER"]
[SourceTitle "EXT 2022"]
[Source "ChessBase"]
[SourceDate "2021.10.06"]
[SourceVersion "1"]
[SourceVersionDate "2021.10.06"]
[SourceQuality "1"]
[WhiteTeam "Baumberg"]
[BlackTeam "Langenfeld II"]
[WhiteTeamCountry "GER"]
[BlackTeamCountry "GER"]

1. d4 e6 2. c4 c5 3. d5 exd5 4. cxd5 d6 5. e4 g6 6. Bc4 Bg7 7. Ne2 Nf6 8. Nbc3 0-0 9. 0-0 Re8 10. f3 Nbd7 11. Ng3 h5 12. Bg5 Ne5 13. Bb5 Bd7 14. Bxd7 Qxd7 15. Qc2 Nh7 16. Bd2 a6 17. a4 b6 18. Rae1 c4 19. Be3 Nd3 20. Ra1 b5 21. a5 f5 22. Qd2 h4 23. Nge2 fxe4 24. fxe4 b4 25. Na4 Rxe4 26. Nb6 Qe7 27. Nxc4 Nxb2 28. Nxb2 Rxe3 29. Nf4 Qe4 30. Rf2 Bc3 31. Qc2 Re1+ 0-1

[Event "Mittelrhein Verbandsliga-N 18/19"]
[Site "Nordrheinwestfalen"]
[Date "2018.09.02"]
[Round "1.1"]
[White "Scharfenberg, Michael"]
[Black "Schalow, Daniel"]
[Result "1/2-1/2"]
[WhiteElo "2156"]
[BlackElo "2025"]
[PlyCount "126"]
[EventDate "2018.09.02"]
[EventType "team-tourn"]
[EventRounds "12"]
[EventCountry "GER"]
[SourceTitle "EXT 2022"]
[Source "ChessBase"]
[SourceDate "2021.10.06"]
[SourceVersion "1"]
[SourceVersionDate "2021.10.06"]
[SourceQuality "1"]
[WhiteTeam "Koeln Worringen"]
[BlackTeam "Baumberg"]
[WhiteTeamCountry "GER"]
[BlackTeamCountry "GER"]

1. e4 d5 2. exd5 Qxd5 3. Nc3 Qa5 4. Bc4 Nf6 5. d3 c6 6. Bd2 Qc7 7. Qe2 Nbd7 8. Nf3 b5 9. Bb3 Nc5 10. Qe5 Qxe5+ 11. Nxe5 Nxb3 12. axb3 Bb7 13. Be3 a6 14. Bc5 Nd7 15. Nxd7 Kxd7 16. Kd2 g6 17. Ne4 Bg7 18. c3 f5 19. Ng5 Bf6 20. Nf3 e5 21. Kc2 Rae8 22. Rhe1 Re6 23. b4 Kc7 24. Re2 Rhe8 25. Rae1 Bc8 26. Nd2 h5 27. f3 g5 28. h3 Bg7 29. Nb3 g4 30. hxg4 hxg4 31. fxg4 f4 32. g5 Rg6 33. Nd2 Rxg5 34. Bd6+ Kd8 35. Nf3 Rg3 36. Bxe5 Bxe5 37. Nxe5 Kc7 38. d4 Reg8 39. Rf1 Rxg2 40. Rff2 Bf5+ 41. Kd2 Rxf2 42. Rxf2 Be6 43. Nd3 f3 44. Rxf3 Bc4 45. Nf4 Rg1 46. Rf2 Ra1 47. Ng6 a5 48. bxa5 Rxa5 49. Ne5 Bd5 50. Rh2 Ra2 51. Ke3 Ra1 52. Rh7+ Kd6 53. Rh6+ Kc7 54. Nd3 Rf1 55. Nb4 Bg2 56. Rh2 Bh1 57. Rh7+ Kd6 58. Rh6+ Kc7 59. d5 Bxd5 60. Nxd5+ cxd5 61. Kd4 Rf2 62. b4 Rf4+ 63. Kxd5 Rc4 1/2-1/2

[Event "Rheinland Pfalz op 5th"]
[Site "Worms"]
[Date "2013.06.02"]
[Round "7"]
[White "Schalow, Daniel"]
[Black "Mueller, Markus"]
[Result "0-1"]
[WhiteElo "2106"]
[BlackElo "2167"]
[PlyCount "68"]
[EventDate "2013.05.30"]
[EventType "swiss"]
[EventRounds "7"]
[EventCountry "GER"]
[SourceTitle "EXT 2014"]
[Source "ChessBase"]
[SourceDate "2013.11.20"]
[SourceVersion "1"]
[SourceVersionDate "2013.11.20"]
[SourceQuality "1"]

1. c4 b6 2. d4 e6 3. Nf3 Nf6 4. e3 Bb7 5. Be2 c5 6. 0-0 Be7 7. Nc3 cxd4 8. Nxd4 a6 9. Bf3 Bxf3 10. Qxf3 Ra7 11. b3 0-0 12. Bb2 Qc7 13. Rac1 d6 14. Rfd1 Rc8 15. Rd2 Nbd7 16. Rdc2 Ne5 17. Qe2 Qb8 18. f4 Ned7 19. b4 Qb7 20. b5 Nb8 21. a4 Re8 22. e4 Ra8 23. Kh1 axb5 24. cxb5 Nfd7 25. Nc6 Bf8 26. Qg4 Nc5 27. f5 Nxc6 28. bxc6 Qxc6 29. Nd5 Nxe4 30. Ne7+ Rxe7 31. f6 Qxa4 32. fxe7 Nf2+ 33. Kg1 Nxg4 34. exf8Q+ Rxf8 0-1

[Event "Rheinland Pfalz op 5th"]
[Site "Worms"]
[Date "2013.06.01"]
[Round "5"]
[White "Schalow, Daniel"]
[Black "Huschens, Matthias"]
[Result "1/2-1/2"]
[WhiteElo "2106"]
[BlackElo "1743"]
[PlyCount "52"]
[EventDate "2013.05.30"]
[EventType "swiss"]
[EventRounds "7"]
[EventCountry "GER"]
[SourceTitle "EXT 2014"]
[Source "ChessBase"]
[SourceDate "2013.11.20"]
[SourceVersion "1"]
[SourceVersionDate "2013.11.20"]
[SourceQuality "1"]

1. d4 Nf6 2. g3 g6 3. Bg2 Bg7 4. e4 d6 5. Ne2 0-0 6. 0-0 c5 7. dxc5 dxc5 8. Qxd8 Rxd8 9. Nbc3 Nc6 10. Be3 Nd4 11. Rad1 e5 12. f3 Be6 13. Rd2 Rd7 14. Nc1 b6 15. Nb1 Rad8 16. c3 Nc6 17. Rfd1 Rxd2 18. Rxd2 Rxd2 19. Nxd2 Ne8 20. f4 Na5 21. Kf2 Nd6 22. fxe5 Ndc4 23. b3 Nxe3 24. Kxe3 Nc6 25. Nd3 Nxe5 26. Nxe5 Bxe5 1/2-1/2

[Event "Rheinland Pfalz op 5th"]
[Site "Worms"]
[Date "2013.05.30"]
[Round "1"]
[White "Schalow, Daniel"]
[Black "Yankelevich, Michael"]
[Result "1-0"]
[WhiteElo "2106"]
[BlackElo "1644"]
[PlyCount "105"]
[EventDate "2013.05.30"]
[EventType "swiss"]
[EventRounds "7"]
[EventCountry "GER"]
[SourceTitle "EXT 2014"]
[Source "ChessBase"]
[SourceDate "2013.11.20"]
[SourceVersion "1"]
[SourceVersionDate "2013.11.20"]
[SourceQuality "1"]

1. d4 d5 2. Nf3 Nf6 3. g3 e6 4. Bg2 c5 5. 0-0 Nc6 6. a3 Be7 7. dxc5 Bxc5 8. c4 0-0 9. b4 Be7 10. cxd5 Nxd5 11. Bb2 Bf6 12. Qb3 Bxb2 13. Qxb2 Qf6 14. Qxf6 Nxf6 15. Nc3 Bd7 16. Rfd1 Rac8 17. Ne4 Rfd8 18. Nc5 b6 19. Nb7 Rf8 20. Nd6 Rcd8 21. e4 Bc8 22. Rac1 Ne7 23. Ne5 Bd7 24. Nb7 Rc8 25. Nxd7 Rxc1 26. Nxf6+ gxf6 27. Rxc1 Ng6 28. f4 Kg7 29. Rc7 a6 30. Nd6 a5 31. bxa5 bxa5 32. f5 exf5 33. Nxf5+ Kg8 34. Ra7 Re8 35. Rxa5 Ne5 36. Bf1 Nf3+ 37. Kg2 Ng5 38. Bd3 Kf8 39. h4 Nxe4 40. Bxe4 Rxe4 41. Ra8+ Re8 42. Rxe8+ Kxe8 43. Kf3 Kd7 44. Ke4 Kc6 45. Ne3 Kd6 46. Kf5 Ke7 47. Nd5+ Kf8 48. a4 Kg7 49. a5 Kh6 50. a6 Kg7 51. a7 Kh6 52. a8Q Kg7 53. Nxf6 1-0

[Event "Mittelrhein Verbandsliga-M 1112"]
[Site "Germany"]
[Date "2011.09.18"]
[Round "1.3"]
[White "Schalow, Daniel"]
[Black "Di Franco, Patricio"]
[Result "1/2-1/2"]
[WhiteElo "2040"]
[BlackElo "2005"]
[PlyCount "49"]
[EventDate "2011.09.18"]
[EventType "team-tourn"]
[EventRounds "11"]
[EventCountry "GER"]
[SourceTitle "EXT 2013"]
[Source "ChessBase"]
[SourceDate "2012.11.22"]
[SourceVersion "1"]
[SourceVersionDate "2012.11.22"]
[SourceQuality "1"]
[WhiteTeam "Langenfeld III"]
[BlackTeam "Koeln Lasker II"]
[WhiteTeamCountry "GER"]
[BlackTeamCountry "GER"]

1. c4 e6 2. g3 d5 3. Bg2 c5 4. cxd5 exd5 5. d4 Nf6 6. Nf3 Nc6 7. 0-0 Be7 8. Nc3 0-0 9. Bg5 cxd4 10. Nxd4 h6 11. Be3 Bg4 12. Qb3 Na5 13. Qb5 a6 14. Qd3 Nc4 15. Nxd5 Nxd5 16. Qxc4 Nxe3 17. fxe3 Bg5 18. Qb3 Qe7 19. e4 Rad8 20. e3 Qc5 21. Rac1 Bxe3+ 22. Qxe3 Qxd4 23. Qxd4 Rxd4 24. Rc7 b5 25. h3 1/2-1/2

[Event "RLP-ch MTA 27th"]
[Site "Hoeheinoed"]
[Date "2008.07.02"]
[Round "7"]
[White "Herbold, Manfred"]
[Black "Schalow, Daniel"]
[Result "1-0"]
[WhiteElo "2142"]
[BlackElo "2129"]
[PlyCount "89"]
[EventDate "2008.06.27"]
[EventType "tourn"]
[EventRounds "11"]
[EventCountry "GER"]
[SourceTitle "EXT 2009"]
[Source "ChessBase"]
[SourceDate "2008.11.26"]
[SourceVersion "1"]
[SourceVersionDate "2008.11.26"]
[SourceQuality "1"]

1. d4 d5 2. Nc3 Nf6 3. Bg5 Nbd7 4. e3 e6 5. f4 Be7 6. Nf3 c5 7. Bd3 c4 8. Be2 Bb4 9. Nd2 Bxc3 10. bxc3 Qa5 11. Bxf6 Nxf6 12. Nb1 Ne4 13. Bf3 Nd6 14. Qc1 Bd7 15. Qb2 0-0 16. Kf2 b5 17. a3 Qc7 18. Nd2 f5 19. h4 a5 20. Rhb1 Rab8 21. Qc1 Nc8 22. Be2 Be8 23. g4 fxg4 24. Bxg4 Qe7 25. Nf3 Nd6 26. Qe1 Bg6 27. Rb2 Bf5 28. Bxf5 Nxf5 29. Ke2 Rf6 30. a4 b4 31. cxb4 axb4 32. a5 c3 33. Rb3 Qe8 34. a6 Qb5+ 35. Kf2 Nd6 36. Qe2 Ne4+ 37. Ke1 Qe8 38. a7 Ra8 39. Rxb4 Qh5 40. Qg2 Rff8 41. Rb7 g6 42. Qh3 Rfe8 43. Ra6 h6 44. Rxe6 g5 45. Qf5 1-0

[Event "RLP-ch MTA 27th"]
[Site "Hoeheinoed"]
[Date "2008.06.27"]
[Round "1"]
[White "Dietzsch, Herbert"]
[Black "Schalow, Daniel"]
[Result "1/2-1/2"]
[WhiteElo "2197"]
[BlackElo "2129"]
[PlyCount "45"]
[EventDate "2008.06.27"]
[EventType "tourn"]
[EventRounds "11"]
[EventCountry "GER"]
[SourceTitle "EXT 2009"]
[Source "ChessBase"]
[SourceDate "2008.11.26"]
[SourceVersion "1"]
[SourceVersionDate "2008.11.26"]
[SourceQuality "1"]

1. e4 d5 2. exd5 Qxd5 3. Nc3 Qa5 4. d4 Nf6 5. Bc4 Nc6 6. Nge2 Be6 7. Bxe6 fxe6 8. 0-0 0-0-0 9. Qd3 Nb4 10. Qc4 Rd6 11. Bd2 Rc6 12. Qb3 Nbd5 13. Rfd1 Nxc3 14. Nxc3 Qf5 15. Nb5 Rb6 16. c4 a6 17. Ba5 axb5 18. Bxb6 cxb6 19. Rac1 Kd8 20. d5 exd5 21. Qxb5 Qd7 22. Qxb6+ Ke8 23. Rd3 1/2-1/2

[Event "Banyoles op 7th"]
[Site "Banyoles"]
[Date "2004.08.17"]
[Round "2"]
[White "Dobrev, Nanko"]
[Black "Schalow, Daniel"]
[Result "1-0"]
[WhiteElo "2415"]
[BlackElo "2125"]
[PlyCount "71"]
[EventDate "2004.08.16"]
[EventType "swiss"]
[EventRounds "9"]
[EventCountry "ESP"]
[SourceTitle "EXT 2005"]
[Source "ChessBase"]
[SourceDate "2004.11.15"]
[SourceVersion "1"]
[SourceVersionDate "2004.11.15"]
[SourceQuality "1"]

1. d4 c5 2. c3 cxd4 3. cxd4 d5 4. Nc3 Nf6 5. Nf3 Nc6 6. Bf4 e6 7. e3 Be7 8. Bd3 0-0 9. Ne5 Nxe5 10. Bxe5 Nd7 11. Bg3 f5 12. 0-0 Nf6 13. Nb5 Bd7 14. Bc7 Qc8 15. Rc1 Bc6 16. Bf4 Qd7 17. Qe2 a6 18. Nc3 Bd6 19. Rc2 Rfe8 20. Rfc1 e5 21. dxe5 Bxe5 22. Bxe5 Rxe5 23. Qd1 Rae8 24. Ne2 Qe7 25. h3 Rxe3 26. fxe3 Qxe3+ 27. Kh1 d4 28. Bxf5 Ne4 29. Bxe4 Bxe4 30. Ng1 d3 31. Rd2 Rf8 32. Qe1 Qf4 33. Rcd1 Rf5 34. Rxd3 Rg5 35. Nf3 Rg3 36. Qe3 1-0